01467 a2200193 45000010006000000050017000060080041000230030015000640400040000790800038001192450043001570200018002002640036002183000019002545050848002731000032011217000021011538560099011744712820260407155739.0260407a1979 arg spa dAR-UNSa-BCEJYS aAR-UNSa-BCEJYSbspacAR-UNSa-BCEJYS a331.5xMercado de Trabajo. Empleo10aDesequilibrio, inflación , desempleo a84-316-1794-2 1aBarcelona :bVicens-Vivesc1979 a246 p.c22 cm. a1. Desequilibrio, inflación y desempleo: una visión introductoria / Eugenio Aguiló y Juan Fernández de Castro - 2. Un enfoque keynesiano de la teoría del empleo de Patinkin / P. Davidson - 3. El modelo de Patinkin como un modelo de desequilibrio de mercado / D. P. Tucker - 4. El desequilibrio de desempleo en Patinkin / Cross, J. G. y Williamson, J. - 5. Un modelo de desequilibrio general de la renta y del empleo / Barro, R. J. y Grossman, H. - 6. Costes de información, fijación del precio y desempleo de recursos / Armen A. Alchian - 7. Información, dinero, y la macroeconomía de la inflación / David Laidler - 8. La teoría del desequilibrio y los fundamentos microeconómicos de la macroeconomía / J. P. Benassy - 9. ¿Desempleo versus inflación? Una interpretación de la curva de Phillips / Milton Friedman.1 aFernández de Castro, J.M.1 aAguiló, Eugeni41uhttps://www.biblioeco.unsa.edu.ar/pmb/images/libros/L127399.jpgyImagen de portadaqimage/jpeg